000 00797nam a22002657a 4500
001 BR8702448
003 BR-BrBNA
005 20230928092503.0
007 ta
008 230509b bl.||||| |||| 00| 0 por d
040 _aBR-BrBNA
_bpor
_cBiblioteca Nacional de Agricultura
041 _a(Por)
072 _aF01
_b1122
_b/G514
090 _ 1122 BR8702448
110 1 _aEmpresa de Assistencia Tecnica e Extensao Rural do Estado da Paraiba, Joao Pessoa (Brasil)
245 1 _aGuia de projeto mamao
260 3 _aJoao Pessoa, PB (Brasil):
_c1975.
300 _a11 p.
500 _a(*) Documento disponível no(a) EMATER, Joao Pessoa, PB (Brazil). Biblioteca
650 _aPRODUCAO VEGETAL
650 _aMAMAO
650 _aPARAIBA
909 _a202309
_bLucia
_c55
_dLucia Elande
942 _cBK
999 _c39363
_d39363